[Event "DEM U16 2003"]
[Site "Willingen GER"]
[Date "2003.06.14"]
[Round "9"]
[White "Eisenbeiser, Amadeus"]
[Black "Laßan, Christian"]
[Result "0-1"]
[Termination "normal"]
[Board "5"]
[WhiteElo "2243"]
[BlackElo "2089"]
[PlyCount "64"]
[WhiteFideId "4678338"]
[BlackFideId "4685997"]
[EventCountry "GER"]
[EventRounds "9"]
[EventType "swiss"]
[EventDate "2003.06.07"]

1. e4 e6 2. d3 d5 3. Nd2 Nf6 4. Ngf3 Be7 5. g3 c5 6. Bg2 Nc6 7. O-O b5 8. Re1
Bb7 9. e5 Nd7 10. c4 bxc4 11. dxc4 d4 12. Nf1 a5 13. h4 Qc7 14. Bf4 Nb6 15.
N1d2 Nb4 16. Rf1 Nd3 17. Qc2 Nxf4 18. gxf4 f5 19. Rab1 h6 20. b3 g5 21. hxg5
hxg5 22. fxg5 Rg8 23. Ne1 Bxg5 24. a3 Qg7 25. Ndf3 Be4 26. Qd1 Bf4 27. b4 axb4
28. axb4 Ra3 29. Rb3 Rxb3 30. Qxb3 d3 31. bxc5 Bxf3 32. Qxb6 Qxg2+ 0-1

[Event "DEM U16 2003"]
[Site "Willingen GER"]
[Date "2003.06.14"]
[Round "9"]
[White "Lutz, Dieter"]
[Black "Brüdigam, Martin"]
[Result "0-1"]
[Termination "normal"]
[Board "6"]
[WhiteElo "2139"]
[BlackElo "1926"]
[PlyCount "122"]
[WhiteFideId "4667565"]
[BlackFideId "24608033"]
[EventCountry "GER"]
[EventRounds "9"]
[EventType "swiss"]
[EventDate "2003.06.07"]

1. e4 c6 2. d4 d5 3. Nd2 dxe4 4. Nxe4 Nf6 5. Nxf6+ exf6 6. c3 Bd6 7. Bd3 O-O 8.
Qc2 Re8+ 9. Ne2 h6 10. Be3 Qc7 11. O-O-O Be6 12. Kb1 Nd7 13. h3 b5 14. Qd2 Qa5
15. b3 Bf8 16. Bc2 Rad8 17. Nf4 b4 18. c4 Bf5 19. Nd3 Bh7 20. g4 Qb6 21. h4 a5
22. g5 c5 23. d5 Be4 24. gxh6 Bxh1 25. hxg7 Bxg7 26. Rxh1 f5 27. Bg5 f6 28. Be3
a4 29. bxa4 Re7 30. Rg1 Kf7 31. Qd1 Rh8 32. Qf3 Rxh4 33. Rxg7+ Kxg7 34. Qxf5
Qd6 35. Bf4 Ne5 36. Nxe5 Rxe5 37. Bxe5 Rh1+ 38. Kb2 Qxe5+ 39. Qxe5 fxe5 40. f3
Rh6 41. Bf5 Ra6 42. Bd7 Kf6 43. Kc2 Ke7 44. Bc6 Kd6 45. Kd3 Ra7 46. Bb5 Rf7 47.
Ke4 Rh7 48. a5 Rh2 49. a6 Rxa2 50. Kd3 Kc7 51. Ke4 Kd6 52. Kd3 Ke7 53. Ke4 Ra1
54. Kd3 Ra3+ 55. Kc2 Kd6 56. Kd2 Rxf3 57. Bc6 Ra3 58. Bb7 e4 59. Bc8 e3+ 60.
Ke2 Ke5 61. Bb7 b3 0-1

[Event "DEM U16 2003"]
[Site "Willingen GER"]
[Date "2003.06.14"]
[Round "9"]
[White "Wolter, Jens"]
[Black "Grimberg, Boris"]
[Result "1-0"]
[Termination "normal"]
[Board "7"]
[WhiteElo "1790"]
[BlackElo "2136"]
[PlyCount "109"]
[WhiteFideId "4698185"]
[BlackFideId "4697499"]
[EventCountry "GER"]
[EventRounds "9"]
[EventType "swiss"]
[EventDate "2003.06.07"]

1. e4 c5 2. Nf3 a6 3. c3 d5 4. exd5 Qxd5 5. d4 cxd4 6. cxd4 Nf6 7. Nc3 Qd8 8.
Bc4 e6 9. O-O Bd6 10. Re1 O-O 11. Bg5 Nbd7 12. Ne5 Qc7 13. Qe2 Ne8 14. Nxf7
Rxf7 15. Bxe6 Ndf6 16. Nd5 Qd8 17. Bxf7+ Kxf7 18. Nxf6 Nxf6 19. Qh5+ Nxh5 20.
Bxd8 Be6 21. Bb6 Nf4 22. Bc5 Bc7 23. Re3 Rd8 24. Rae1 b6 25. Ba3 Rxd4 26. g3
Nh3+ 27. Kg2 Ng5 28. h4 Bd5+ 29. Kf1 Ne6 30. Rc3 Bd8 31. Rc8 Bf6 32. b3 Rd2 33.
Re2 Rd4 34. Rc1 Bf3 35. Re3 Bg4 36. Bb2 Rd2 37. Bxf6 gxf6 38. a4 Nc5 39. f3
Bh3+ 40. Ke1 Rb2 41. g4 Bg2 42. Rd1 Bh3 43. Rd6 f5 44. g5 Rb1+ 45. Kf2 Bf1 46.
Rf6+ Kg7 47. Re7+ Kg8 48. Rxb6 Nd3+ 49. Kg3 f4+ 50. Kg4 Kf8 51. Ra7 Re1 52.
Rb8+ Re8 53. Rxe8+ Kxe8 54. Rxh7 Ne5+ 55. Kxf4 1-0

[Event "DEM U16 2003"]
[Site "Willingen GER"]
[Date "2003.06.14"]
[Round "9"]
[White "Beckmann, Emanuel"]
[Black "Nüsken, Nikolas"]
[Result "0-1"]
[Termination "normal"]
[Board "8"]
[WhiteElo "1842"]
[BlackElo "2094"]
[PlyCount "62"]
[WhiteFideId "24608025"]
[BlackFideId "24605891"]
[EventCountry "GER"]
[EventRounds "9"]
[EventType "swiss"]
[EventDate "2003.06.07"]

1. c4 e5 2. g3 Nf6 3. Bg2 d5 4. cxd5 Nxd5 5. Nc3 Nb6 6. Nf3 Nc6 7. O-O Be7 8.
d3 O-O 9. b3 Be6 10. Bb2 f5 11. Rc1 Bf6 12. Nd2 Qd7 13. Nc4 Rab8 14. Kh1 Kh8
15. Nxb6 axb6 16. Nb5 Bd5 17. a4 Bxg2+ 18. Kxg2 Rf7 19. Kg1 Rc8 20. f4 exf4 21.
Bxf6 Rxf6 22. Rxf4 Ne5 23. d4 Ng6 24. Rf3 f4 25. e4 fxg3 26. Rxg3 Nf4 27. Rc2
Rcf8 28. Qg4 Qf7 29. Nxc7 h5 30. Qh4 Nh3+ 31. Rxh3 Rg6+ 0-1

[Event "DEM U16 2003"]
[Site "Willingen GER"]
[Date "2003.06.14"]
[Round "9"]
[White "Rohde, Torsten"]
[Black "Shmirina, Evgenija"]
[Result "1-0"]
[Termination "normal"]
[Board "9"]
[WhiteElo "2182"]
[BlackElo "2146"]
[PlyCount "105"]
[WhiteFideId "4665007"]
[BlackFideId "4693809"]
[EventCountry "GER"]
[EventRounds "9"]
[EventType "swiss"]
[EventDate "2003.06.07"]

1. e4 e6 2. d4 d5 3. Nd2 Nf6 4. e5 Nfd7 5. f4 c5 6. Ngf3 Nc6 7. Bd3 cxd4 8. Nb3
Nc5 9. Nfxd4 Nxd3+ 10. Qxd3 Bd7 11. c3 a6 12. a4 f5 13. exf6 Qxf6 14. O-O Bd6
15. Be3 O-O 16. Nxc6 Bxc6 17. Bd4 Qh6 18. g3 Qh3 19. Qd2 Rf5 20. Rfe1 Qh6 21.
a5 Bb5 22. Be5 Bc4 23. Bxd6 Bxb3 24. Qe3 Rf7 25. Qb6 Bc4 26. Re3 Bb5 27. Rae1
Re8 28. Qc5 Bc6 29. Be5 Qh3 30. Bd4 Rd7 31. Re5 g6 32. Rg5 Kf7 33. Re2 Bb5 34.
Re1 Bc6 35. b3 h6 36. Rge5 Qg4 37. Kg2 Kg8 38. h3 Qf5 39. Rxf5 gxf5 40. Re5 Kf7
41. Qa3 Rg8 42. Kh2 Rg6 43. Qc1 Rd8 44. Qd1 Rdg8 45. Qh5 Be8 46. g4 Kf8 47.
Bc5+ Kg7 48. Qh4 Kh7 49. Qe7+ R6g7 50. Qxe6 Bd7 51. Qxd5 fxg4 52. hxg4 Bxg4 53.
Re7 1-0

[Event "DEM U16 2003"]
[Site "Willingen GER"]
[Date "2003.06.14"]
[Round "9"]
[White "Frübing, Stefan"]
[Black "Germer, Philipp"]
[Result "1-0"]
[Termination "normal"]
[Board "10"]
[WhiteElo "2063"]
[BlackElo "2149"]
[PlyCount "113"]
[WhiteFideId "4682165"]
[BlackFideId "4693523"]
[EventCountry "GER"]
[EventRounds "9"]
[EventType "swiss"]
[EventDate "2003.06.07"]

1. d4 e6 2. c4 d5 3. Nc3 Nf6 4. Bg5 Nbd7 5. cxd5 exd5 6. e3 c6 7. Bd3 Bd6 8.
Nf3 O-O 9. O-O Re8 10. Qc2 h6 11. Bh4 Nf8 12. Bg3 Bxg3 13. hxg3 Bg4 14. Ne5 Be6
15. b4 N8d7 16. Nxd7 Nxd7 17. Rfc1 Rc8 18. Na4 b5 19. Nc5 Qb6 20. a4 Qb8 21.
axb5 cxb5 22. Ra5 Nxc5 23. bxc5 Qc7 24. Qa2 Ra8 25. Bxb5 Reb8 26. Bd3 Rb7 27.
Ra1 Qb8 28. Rb1 Qc7 29. Rxb7 Qxb7 30. Rb5 Qc6 31. Qb1 Bc8 32. Rb8 g6 33. Rxa8
Qxa8 34. Qb5 Bb7 35. Qa5 a6 36. Kh2 Qc8 37. Qb6 Kg7 38. Bc2 Qc6 39. Qa5 Qb5 40.
Qxb5 axb5 41. Kg1 Kf6 42. Kf1 b4 43. Ke2 Ba6+ 44. Bd3 Bc4 45. Kd2 Ke6 46. g4
Kd7 47. Bxc4 dxc4 48. d5 g5 49. e4 f6 50. g3 Ke7 51. f4 gxf4 52. gxf4 b3 53.
Kc3 Ke8 54. c6 Ke7 55. c7 Kd7 56. d6 Kc8 57. e5 1-0

[Event "DEM U16 2003"]
[Site "Willingen GER"]
[Date "2003.06.14"]
[Round "9"]
[White "Hillmann, Michael"]
[Black "Ratkovitch, Dimitri"]
[Result "0-1"]
[Termination "normal"]
[Board "11"]
[WhiteElo "1763"]
[BlackElo "1818"]
[PlyCount "104"]
[WhiteFideId "24609889"]
[BlackFideId "24608050"]
[EventCountry "GER"]
[EventRounds "9"]
[EventType "swiss"]
[EventDate "2003.06.07"]

1. d4 Nf6 2. Nf3 g6 3. c4 Bg7 4. Nc3 O-O 5. e4 d6 6. Be2 e5 7. O-O Nc6 8. d5
Ne7 9. b4 Ne8 10. a4 h6 11. Ba3 f5 12. Nd2 Nc6 13. f3 f4 14. c5 Rf7 15. Nc4 Ne7
16. cxd6 cxd6 17. b5 g5 18. b6 a6 19. Qb3 Ng6 20. Rac1 h5 21. Rc2 g4 22. Rfc1
Bf8 23. Nd1 Rg7 24. Na5 Nh4 25. Kh1 g3 26. Rxc8 Rxc8 27. Rxc8 Qxc8 28. h3 Nf6
29. Nc4 Rd7 30. Nc3 Rd8 31. Bb4 Qd7 32. Qa3 Nh7 33. Bf1 Ng5 34. Nb1 Kg7 35.
Nbd2 Ng6 36. Nb3 Nh4 37. Nbd2 Ng6 38. Kg1 Nh8 39. Nb3 Nhf7 40. Nc1 Nxh3+ 41.
gxh3 Ng5 42. Na2 h4 43. Qb2 Nxh3+ 44. Bxh3 Qxh3 45. Nc3 Kf7 46. Qg2 Qc8 47. Qe2
Be7 48. Nd2 a5 49. Bxa5 Qc5+ 50. Kf1 Qxa5 51. Qg2 Qxc3 52. Qh3 Qc8 0-1

[Event "DEM U16 2003"]
[Site "Willingen GER"]
[Date "2003.06.14"]
[Round "9"]
[White "Kürsten, Rüdiger"]
[Black "Poysti, Nathanael"]
[Result "1/2-1/2"]
[Termination "normal"]
[Board "12"]
[WhiteElo "1850"]
[BlackElo "1879"]
[PlyCount "83"]
[WhiteFideId "24605816"]
[EventCountry "GER"]
[EventRounds "9"]
[EventType "swiss"]
[EventDate "2003.06.07"]

1. Nf3 d5 2. g3 Nc6 3. Bg2 Nf6 4. O-O Bg4 5. h3 Bh5 6. d3 e6 7. Nbd2 Bc5 8. e4
dxe4 9. dxe4 O-O 10. c3 e5 11. Qe2 Nd7 12. b4 Be7 13. a4 f6 14. Rd1 a5 15. b5
Ncb8 16. Nf1 Bf7 17. Nh4 Re8 18. Nf5 Bf8 19. h4 Be6 20. h5 Qc8 21. Ba3 Bxa3 22.
Rxa3 g6 23. hxg6 hxg6 24. Nh4 Kg7 25. Ne3 Rh8 26. c4 Nc5 27. Nd5 Bxd5 28. cxd5
Nbd7 29. Bh3 Qe8 30. Kg2 Rd8 31. Rh1 Nf8 32. Qe3 b6 33. Raa1 Nh7 34. Nf3 Qe7
35. Bg4 Ng5 36. Nxg5 fxg5 37. Rxh8 Rxh8 38. f3 Kf6 39. Qf2 Nd3 40. Qe3 Qh7 41.
Qg1 Qe7 42. Qe3 1/2-1/2

[Event "DEM U16 2003"]
[Site "Willingen GER"]
[Date "2003.06.14"]
[Round "9"]
[White "Lang, Henry"]
[Black "Kaufmann, Benjamin"]
[Result "1/2-1/2"]
[Termination "normal"]
[Board "13"]
[WhiteElo "1676"]
[BlackElo "1675"]
[PlyCount "25"]
[BlackFideId "24613525"]
[EventCountry "GER"]
[EventRounds "9"]
[EventType "swiss"]
[EventDate "2003.06.07"]

1. Nf3 d5 2. g3 Nf6 3. Bg2 e6 4. O-O Be7 5. d3 O-O 6. Nbd2 c5 7. c4 b6 8. e4
Bb7 9. Qe2 dxe4 10. dxe4 Nc6 11. b3 Qc7 12. Bb2 Rfd8 13. e5 1/2-1/2

[Event "DEM U16 2003"]
[Site "Willingen GER"]
[Date "2003.06.14"]
[Round "9"]
[White "Victor, Silver Star"]
[Black "Zollondz, Mark"]
[Result "1/2-1/2"]
[Termination "normal"]
[Board "14"]
[WhiteElo "1628"]
[BlackElo "1819"]
[PlyCount "58"]
[EventCountry "GER"]
[EventRounds "9"]
[EventType "swiss"]
[EventDate "2003.06.07"]

1. d4 Nf6 2. c4 g6 3. Nc3 d5 4. Nf3 Bg7 5. Bf4 O-O 6. e3 c5 7. dxc5 Qa5 8. Rc1
Ne4 9. Qb3 Nxc5 10. Qb5 Bxc3+ 11. Rxc3 Qxb5 12. cxb5 Na4 13. Rc7 Nd7 14. b4 Re8
15. Ne5 Rd8 16. Be2 Nxe5 17. Bxe5 Rd7 18. Rc1 Rd8 19. Bd1 Nb6 20. Bc7 Re8 21.
Bxb6 axb6 22. Bb3 Bd7 23. Bxd5 Bxb5 24. f3 Ra4 25. Kf2 Rd8 26. Rhd1 e6 27. Bxb7
Rxd1 28. Rxd1 Rxa2+ 29. Kg3 Rb2 1/2-1/2

[Event "DEM U16w 2003"]
[Site "Willingen GER"]
[Date "2003.06.08"]
[Round "1"]
[White "Schulz, Stefanie"]
[Black "Winkelmann, Elena"]
[Result "1-0"]
[Termination "normal"]
[Board "1"]
[WhiteElo "2101"]
[BlackElo "1643"]
[PlyCount "107"]
[WhiteFideId "4693060"]
[BlackFideId "24607630"]
[EventCountry "GER"]
[EventRounds "9"]
[EventType "swiss"]
[EventDate "2003.06.07"]

1. e4 c5 2. Nf3 e6 3. d4 cxd4 4. Nxd4 a6 5. Nc3 Qc7 6. a3 Nf6 7. Be2 Bc5 8. Be3
O-O 9. O-O d6 10. Qd2 Nc6 11. Nb3 Bxe3 12. Qxe3 b5 13. Rad1 Rd8 14. Kh1 Bb7 15.
f4 e5 16. f5 Ne7 17. Bd3 Rac8 18. Qg5 d5 19. Nd2 dxe4 20. Ndxe4 Bxe4 21. Nxe4
Nxe4 22. Bxe4 f6 23. Qe3 Rd7 24. Qb3+ Kh8 25. a4 Rxd1 26. Rxd1 Rd8 27. Rd3 bxa4
28. Qxa4 Rxd3 29. Qe8+ Ng8 30. Bxd3 Qa5 31. h3 Qe1+ 32. Kh2 Qf2 33. Qa4 Nh6 34.
Bxa6 Qxf5 35. Bd3 Qc8 36. Qe4 g6 37. b4 Qb8 38. g3 f5 39. Qe3 Nf7 40. b5 Qc7
41. c4 f4 42. gxf4 exf4 43. Qd4+ Kg8 44. b6 Qb8 45. Kg2 Qa8+ 46. Qe4 Qd8 47. b7
Qb8 48. c5 Ne5 49. Qd5+ Kg7 50. Be4 Nf7 51. Qd4+ Kf8 52. c6 Ke8 53. Qd7+ Kf8
54. Qc8+ 1-0

[Event "DEM U16w 2003"]
[Site "Willingen GER"]
[Date "2003.06.08"]
[Round "1"]
[White "Herkt, Julia"]
[Black "Krege, Sandra"]
[Result "0-1"]
[Termination "normal"]
[Board "2"]
[WhiteElo "1638"]
[BlackElo "1902"]
[PlyCount "120"]
[BlackFideId "4680910"]
[EventCountry "GER"]
[EventRounds "9"]
[EventType "swiss"]
[EventDate "2003.06.07"]

1. e4 c5 2. Nf3 d6 3. d4 cxd4 4. Nxd4 Nf6 5. Nc3 a6 6. f3 e5 7. Nb3 Be6 8. Be3
Be7 9. Nd2 Qc7 10. Bd3 Nbd7 11. O-O b5 12. a3 O-O 13. f4 exf4 14. Bxf4 Qc5+ 15.
Kh1 Ng4 16. Qe2 Bg5 17. Nd5 Bxf4 18. Rxf4 Nge5 19. Ne7+ Kh8 20. Nf5 Ng6 21. Rf3
Nde5 22. Rg3 Rae8 23. Qh5 Bxf5 24. exf5 Nxd3 25. cxd3 Qe5 26. Nf3 Qxb2 27. Rd1
Nf4 28. Qg4 Ne2 29. Rh3 Qf6 30. Ng5 h6 31. Ne4 Qe5 32. f6 Rg8 33. fxg7+ Qxg7
34. Qxe2 d5 35. Qd2 Re6 36. Ng3 Kh7 37. Nh5 Qe5 38. d4 Qf5 39. Qd3 Qxd3 40.
Rhxd3 Rg5 41. Nf4 Rc6 42. Rf3 Kg7 43. Nd3 Rc2 44. g3 Rc7 45. Rdf1 Rg4 46. Rxf7+
Rxf7 47. Rxf7+ Kxf7 48. Ne5+ Kf6 49. Nxg4+ Kf5 50. Nxh6+ Ke4 51. h4 a5 52. Ng4
b4 53. axb4 a4 54. Nf6+ Kxd4 55. h5 a3 56. h6 a2 57. h7 a1=Q+ 58. Kg2 Qb2+ 59.
Kg1 Qc1+ 60. Kg2 Qh6 0-1

[Event "DEM U16w 2003"]
[Site "Willingen GER"]
[Date "2003.06.08"]
[Round "1"]
[White "Romakin, Helene"]
[Black "Dietzen, Corinna"]
[Result "1-0"]
[Termination "normal"]
[Board "3"]
[WhiteElo "1865"]
[BlackElo "1621"]
[PlyCount "59"]
[WhiteFideId "24605964"]
[BlackFideId "24621021"]
[EventCountry "GER"]
[EventRounds "9"]
[EventType "swiss"]
[EventDate "2003.06.07"]

1. e4 c5 2. Nf3 d6 3. d4 cxd4 4. Nxd4 Nf6 5. Nc3 g6 6. f3 Bg7 7. Be3 Nc6 8. Qd2
Bd7 9. g4 Ne5 10. O-O-O Rc8 11. h4 h5 12. g5 Nh7 13. f4 Nc4 14. Bxc4 Rxc4 15.
Qd3 Rc8 16. f5 O-O 17. Rhf1 Be5 18. Nd5 e6 19. Nf6+ Nxf6 20. gxf6 Kh7 21. Bg5
exf5 22. exf5 Bxf6 23. Bxf6 Qxf6 24. Rf4 Rc7 25. Rg1 Kg7 26. Qf3 Kh6 27. fxg6
Qe5 28. g7 Rg8 29. Nf5+ Bxf5 30. Rxf5 1-0

[Event "DEM U16w 2003"]
[Site "Willingen GER"]
[Date "2003.06.08"]
[Round "1"]
[White "Busse, Nadine"]
[Black "Hoolt, Sarah"]
[Result "1-0"]
[Termination "normal"]
[Board "4"]
[WhiteElo "1586"]
[BlackElo "1820"]
[PlyCount "85"]
[WhiteFideId "24632023"]
[BlackFideId "24606812"]
[EventCountry "GER"]
[EventRounds "9"]
[EventType "swiss"]
[EventDate "2003.06.07"]

1. e4 c5 2. Nf3 Nc6 3. d4 cxd4 4. Nxd4 g6 5. Nc3 Bg7 6. Be3 d6 7. Qd2 Nf6 8. f3
O-O 9. Bc4 Bd7 10. O-O-O a6 11. Bb3 b5 12. g4 Ne5 13. Kb1 Nc4 14. Bxc4 bxc4 15.
h4 Qc7 16. h5 Rab8 17. hxg6 fxg6 18. Qh2 Qb7 19. Bc1 e6 20. Qxd6 Rfe8 21. Nde2
Bf8 22. Qd4 Ba3 23. b3 e5 24. Qxc4+ Be6 25. Qd3 Bc5 26. Ng3 Bd4 27. Bb2 Rec8
28. Na4 Rc4 29. c3 Rxa4 30. cxd4 exd4 31. Rd2 Rb4 32. Ba3 Rb5 33. Qxd4 Qf7 34.
Bb2 Bxb3 35. axb3 Rxb3 36. g5 Rxf3 37. Ne2 Ra3 38. Qxf6 Qa2+ 39. Kc1 Rc8+ 40.
Rc2 Rxc2+ 41. Kxc2 Qc4+ 42. Nc3 Qb3+ 43. Kc1 1-0

[Event "DEM U16w 2003"]
[Site "Willingen GER"]
[Date "2003.06.08"]
[Round "1"]
[White "Großmann, Susan"]
[Black "Janiesch, Maike"]
[Result "1-0"]
[Termination "normal"]
[Board "5"]
[WhiteElo "1793"]
[BlackElo "1529"]
[PlyCount "53"]
[WhiteFideId "24608220"]
[EventCountry "GER"]
[EventRounds "9"]
[EventType "swiss"]
[EventDate "2003.06.07"]

1. e4 e5 2. Nf3 Nc6 3. Bc4 Bc5 4. c3 Nf6 5. d4 exd4 6. cxd4 Bb4+ 7. Bd2 Bxd2+
8. Nbxd2 d5 9. exd5 Nxd5 10. Qb3 Nce7 11. O-O O-O 12. Rfe1 c6 13. Ne4 Qc7 14.
Rac1 Rd8 15. Nc3 Qd6 16. Re2 f6 17. Rce1 Kf8 18. Nd2 Nxc3 19. bxc3 Nd5 20. Ne4
Qc7 21. Nc5 b6 22. Ne6+ Bxe6 23. Rxe6 Rd6 24. Qa3 Rad8 25. Bxd5 cxd5 26. Rxd6
Rxd6 27. Re6 1-0

[Event "DEM U16w 2003"]
[Site "Willingen GER"]
[Date "2003.06.08"]
[Round "1"]
[White "Henneberg, Olga"]
[Black "Wölfer, Wiebke"]
[Result "0-1"]
[Termination "normal"]
[Board "6"]
[WhiteElo "1520"]
[BlackElo "1760"]
[PlyCount "64"]
[EventCountry "GER"]
[EventRounds "9"]
[EventType "swiss"]
[EventDate "2003.06.07"]

1. c4 c5 2. Nc3 Nc6 3. Nf3 g6 4. g3 Bg7 5. Bg2 d6 6. d3 Qd7 7. O-O e6 8. Rb1
Nge7 9. Bd2 O-O 10. a3 b6 11. b4 Bb7 12. Qc1 Nd4 13. Nxd4 cxd4 14. Ne4 f5 15.
Ng5 Bxg2 16. Kxg2 e5 17. b5 h6 18. Nf3 Kh7 19. a4 e4 20. Ng1 Rac8 21. Bb4 Rf7
22. Qa3 Rd8 23. Nh3 g5 24. Qa2 Ng6 25. Bd2 Qe7 26. a5 f4 27. axb6 axb6 28. Qa6
Qe6 29. Qxb6 f3+ 30. exf3 exf3+ 31. Kh1 Qxh3 32. Rg1 Ne5 0-1

[Event "DEM U16w 2003"]
[Site "Willingen GER"]
[Date "2003.06.08"]
[Round "1"]
[White "Krenz, Sarah"]
[Black "Schmidt, Jade"]
[Result "1/2-1/2"]
[Termination "normal"]
[Board "7"]
[WhiteElo "1755"]
[BlackElo "1519"]
[PlyCount "50"]
[EventCountry "GER"]
[EventRounds "9"]
[EventType "swiss"]
[EventDate "2003.06.07"]

1. d4 Nf6 2. c4 g6 3. Nc3 d5 4. cxd5 Nxd5 5. e4 Nxc3 6. bxc3 c5 7. Bc4 Bg7 8.
Be3 Nc6 9. Ne2 cxd4 10. cxd4 O-O 11. O-O Na5 12. Bd3 Be6 13. Qa4 Bd7 14. Qb4 b6
15. Rac1 Nc6 16. Qb1 Rc8 17. Ba6 Rc7 18. Rfd1 Bc8 19. Bb5 Bb7 20. Qc2 Rc8 21.
Qa4 Na5 22. d5 Rxc1 23. Rxc1 a6 24. Bd3 e6 25. Qb4 b5 1/2-1/2

[Event "DEM U16w 2003"]
[Site "Willingen GER"]
[Date "2003.06.08"]
[Round "1"]
[White "Kaplun, Viktoria"]
[Black "Neldner, Uta"]
[Result "0-1"]
[Termination "normal"]
[Board "8"]
[WhiteElo "1502"]
[BlackElo "1723"]
[PlyCount "78"]
[WhiteFideId "24621676"]
[BlackFideId "24604070"]
[EventCountry "GER"]
[EventRounds "9"]
[EventType "swiss"]
[EventDate "2003.06.07"]

1. d4 d5 2. c4 e6 3. Nc3 f5 4. Bf4 Nf6 5. Nf3 Be7 6. e3 c6 7. Bd3 O-O 8. Qc2
Ne4 9. h4 Nd7 10. h5 Ndf6 11. Ne5 Qe8 12. Qe2 Qd8 13. f3 Nxc3 14. bxc3 Bd7 15.
Bg5 Be8 16. f4 Nd7 17. Bxe7 Qxe7 18. g4 Nxe5 19. dxe5 Qa3 20. Qc2 Qc5 21. Qe2
fxg4 22. Kd2 Rd8 23. cxd5 cxd5 24. Qxg4 Qc6 25. Rag1 Rd7 26. f5 exf5 27. Bxf5
Rc7 28. Rc1 Bd7 29. e6 Bc8 30. Rhg1 Re7 31. c4 dxc4 32. Rxc4 Qd5+ 33. Bd3 Bxe6
34. Qg3 Bf5 35. e4 Qa5+ 36. Kd1 Be6 37. Qd6 Qxh5+ 38. Kc1 Qh4 39. e5 Bxc4 0-1

[Event "DEM U16w 2003"]
[Site "Willingen GER"]
[Date "2003.06.08"]
[Round "1"]
[White "Forchmann, Anneliese"]
[Black "Nieberle, Cornelia"]
[Result "1/2-1/2"]
[Termination "normal"]
[Board "9"]
[WhiteElo "1715"]
[BlackElo "1450"]
[PlyCount "115"]
[EventCountry "GER"]
[EventRounds "9"]
[EventType "swiss"]
[EventDate "2003.06.07"]

1. e4 e5 2. Nf3 Nc6 3. Bb5 Nf6 4. O-O d6 5. Re1 Bg4 6. h3 Bh5 7. c3 a6 8. Ba4
Be7 9. d3 O-O 10. Nbd2 Nd7 11. Nf1 Nc5 12. Bc2 Ne6 13. Ng3 Bg6 14. d4 Ng5 15.
d5 Nb8 16. Nh2 f5 17. exf5 Be8 18. Ng4 Nd7 19. Qe2 Nb6 20. c4 Bf6 21. Nxf6+
Qxf6 22. Qg4 h6 23. h4 Nh7 24. a4 a5 25. Ra3 Kh8 26. Bd2 Nc8 27. Rf3 Rg8 28.
Bc3 Nb6 29. b3 Nd7 30. Ne2 Qf8 31. Ng3 Nhf6 32. Qh3 Nc5 33. Rfe3 b6 34. Bb2 Rd8
35. f3 Rc8 36. Ne4 Ncd7 37. Kh1 Nh5 38. g3 Ndf6 39. Nf2 Nd7 40. Ba3 Ndf6 41.
Rxe5 Nd7 42. R5e3 Bf7 43. Ng4 Re8 44. Rxe8 Bxe8 45. Bb2 Nhf6 46. Qf1 Bh5 47.
Nxf6 Nxf6 48. g4 Be8 49. Qd3 Qf7 50. Qe2 Bd7 51. Qg2 Rd8 52. g5 Qh5 53. Qh3
hxg5 54. Rg1 Qxh4 55. Qxh4+ gxh4 56. Kh2 Re8 57. Rg2 Nh5 58. Be4 1/2-1/2

[Event "DEM U16w 2003"]
[Site "Willingen GER"]
[Date "2003.06.08"]
[Round "1"]
[White "Beltz, Carmen"]
[Black "Stemmler, Lysan"]
[Result "1/2-1/2"]
[Termination "normal"]
[Board "11"]
[WhiteElo "1690"]
[BlackElo "1445"]
[PlyCount "90"]
[WhiteFideId "24608726"]
[BlackFideId "24622451"]
[EventCountry "GER"]
[EventRounds "9"]
[EventType "swiss"]
[EventDate "2003.06.07"]

1. e4 d6 2. d4 Nf6 3. Nc3 g6 4. f4 Bg7 5. Nf3 c5 6. dxc5 Qa5 7. Bd3 Qxc5 8. Qe2
O-O 9. Be3 Qa5 10. O-O Nc6 11. h3 Nh5 12. Qe1 Bd7 13. g4 Nf6 14. f5 Ne5 15. Qg3
Nxf3+ 16. Rxf3 Bc6 17. fxg6 fxg6 18. a3 Nd7 19. Bd2 Qc5+ 20. Be3 Qa5 21. Raf1
Ne5 22. Rxf8+ Rxf8 23. Rxf8+ Kxf8 24. Qf2+ Kg8 25. Ne2 Nxd3 26. cxd3 Bxb2 27.
Nf4 Qxa3 28. Ne6 Bf6 29. g5 Qb3 30. gxf6 Qxe6 31. fxe7 Qxe7 32. Bxa7 Qg5+ 33.
Kh2 Qe5+ 34. Kg1 Bb5 35. Qa2+ Kg7 36. Qc2 Qg5+ 37. Kh2 Bc6 38. Bd4+ Kh6 39. Qf2
Qe7 40. Be3+ Kg7 41. Bd4+ Kg8 42. Qa2+ Qf7 43. Qa8+ Qf8 44. Qa2+ Qf7 45. Qa8+
Qf8 1/2-1/2

[Event "DEM U16w 2003"]
[Site "Willingen GER"]
[Date "2003.06.08"]
[Round "1"]
[White "Dauer, Christina"]
[Black "Wolk, Friederike"]
[Result "1/2-1/2"]
[Termination "normal"]
[Board "12"]
[WhiteElo "1444"]
[BlackElo "1684"]
[PlyCount "40"]
[WhiteFideId "24609781"]
[BlackFideId "4693400"]
[EventCountry "GER"]
[EventRounds "9"]
[EventType "swiss"]
[EventDate "2003.06.07"]

1. e4 c5 2. Nc3 Nc6 3. g3 g6 4. Bg2 Bg7 5. Nge2 e6 6. f4 d6 7. O-O Nge7 8. d3
O-O 9. b3 Rb8 10. Bb2 b5 11. Qd2 Nd4 12. Nd1 Qb6 13. c3 Nxe2+ 14. Qxe2 Nc6 15.
g4 f5 16. exf5 exf5 17. Bd5+ Kh8 18. g5 Bd7 19. Rf3 Rbe8 20. Re3 b4 1/2-1/2

[Event "DEM U16w 2003"]
[Site "Willingen GER"]
[Date "2003.06.08"]
[Round "1"]
[White "Butschek, Tanja"]
[Black "Hammerich, Nadine"]
[Result "1-0"]
[Termination "normal"]
[Board "13"]
[WhiteElo "1680"]
[BlackElo "1435"]
[PlyCount "75"]
[WhiteFideId "24604640"]
[EventCountry "GER"]
[EventRounds "9"]
[EventType "swiss"]
[EventDate "2003.06.07"]

1. e4 e6 2. d4 d5 3. Nd2 c5 4. exd5 exd5 5. Bb5+ Bd7 6. Qe2+ Qe7 7. Bxd7+ Nxd7
8. Qxe7+ Bxe7 9. dxc5 Bxc5 10. Nb3 Ne7 11. Nf3 b6 12. c3 O-O 13. Nbd4 Rfe8 14.
O-O Ng6 15. Be3 Nde5 16. Nxe5 Nxe5 17. Rad1 a6 18. Nc2 Rad8 19. b4 Bxe3 20.
Nxe3 d4 21. cxd4 Nc6 22. Nc2 Kf8 23. Rd2 Re4 24. Rfd1 b5 25. a3 a5 26. d5 Ne7
27. Kf1 a4 28. Ne3 f6 29. Rc2 Nc8 30. Rc6 Nd6 31. Rdc1 Nc4 32. Nxc4 bxc4 33.
R1xc4 Rxc4 34. Rxc4 Rxd5 35. Rc8+ Ke7 36. Ra8 Rd1+ 37. Ke2 Ra1 38. Rxa4 1-0

[Event "DEM U16w 2003"]
[Site "Willingen GER"]
[Date "2003.06.08"]
[Round "1"]
[White "Hafner, Katrin"]
[Black "Mersmann, Maren"]
[Result "1/2-1/2"]
[Termination "normal"]
[Board "14"]
[WhiteElo "1370"]
[BlackElo "1669"]
[PlyCount "41"]
[WhiteFideId "24668001"]
[EventCountry "GER"]
[EventRounds "9"]
[EventType "swiss"]
[EventDate "2003.06.07"]

1. e4 e5 2. Nf3 Nc6 3. d4 exd4 4. Nxd4 Bc5 5. Be3 Qf6 6. c3 Nge7 7. Be2 O-O 8.
O-O Bb6 9. f4 d6 10. Nc2 Bxe3+ 11. Nxe3 Bd7 12. Nd2 Rad8 13. Nb3 Rfe8 14. Qc2
Qh4 15. Rad1 a6 16. Nd4 Qh6 17. a4 Rb8 18. Bd3 Nd8 19. b3 Ne6 20. Nxe6 Bxe6 21.
Bc4 1/2-1/2